00623nam a22002057a 450000500170000001000220001702000270003903500140006603500170008003500130009703700190011003700130012908200110014210000160015324500660016926000320023527000730026730000260034050000510036620170512105740.0 a1617EN ENG-117571 a9788185708546c1350.00 aEN-101103 aB-647531-537 aB-666087 adpl bVariety  bDBAD/PUB a025.04 aSudha Rani  aInformation technology in library science / cby Sudha Rani  aNew Delhi bSBW Pub. c2015 a4831/24, Prahlad Gali, Ansari Road, Darya Ganj, bNew Delhi e110002 aviii,336p. c25cm(Hb) aIncludes bibliographical references and index